| 000 | 00739nam a2200241Ia 4500 | ||
|---|---|---|---|
| 003 | GCL | ||
| 008 | 140319s9999 xx 000 0 ara d | ||
| 040 |
_aGCL / _cGCL |
||
| 082 | 0 | 4 |
_a331.2164 _bا ح |
| 100 | 1 | _aاحمد رشيد | |
| 245 | 1 | 0 |
_aالحوافز فى المؤسسات الصناعية / _cاحمد رشيد |
| 300 | _a65 ص | ||
| 490 |
_aالاهرام الاقتصادى _v0 |
||
| 650 | 0 | 4 | _aالعمل والعمال |
| 650 | 0 | 4 | _aالصناعة |
| 650 | 0 | 4 | _aالاجور |
| 650 | 0 | 4 | _aحوافز الانتاج |
| 650 | 0 | 4 | _aالمؤسسات العامة |
| 650 | 0 | 4 | _aالتخطيط الصناعى |
| 650 | 0 | 4 | _aالارباح الصناعية |
| 650 | 0 | 4 | _aالاجور الاضافية |
| 942 |
_2ddc _cBK |
||
| 999 |
_c46861 _d46861 |
||